International Trade and Development: UNCTAD II, New Delhi, February-March 1968 (Record no. 370928)

000 -LEADER
fixed length control field 00509cam a22001457a 4500
008 - FIXED-LENGTH DATA ELEMENTS--GENERAL INFORMATION
fixed length control field 180718b1968 xxu||||| |||| 00| 0 eng d
082 ## - DEWEY DECIMAL CLASSIFICATION NUMBER
Classification number T39 In8i
245 ## - TITLE STATEMENT
Title International Trade and Development: UNCTAD II, New Delhi, February-March 1968
Statement of responsibility, etc. edited by Sudershan K. Savra
260 ## - PUBLICATION, DISTRIBUTION, ETC.
Place of publication, distribution, etc. New Delhi
Name of publisher, distributor, etc. Commercial Pub. Bureau
Date of publication, distribution, etc. 1968
300 ## - PHYSICAL DESCRIPTION
Extent 228p.
500 ## - GENERAL NOTE
General note Rs.10.00
650 ## - SUBJECT ADDED ENTRY--TOPICAL TERM
Topical term or geographic name entry element United Nations Conference on Trade and Development, 1968
650 ## - SUBJECT ADDED ENTRY--TOPICAL TERM
Topical term or geographic name entry element Foreign Commerce
700 ## - ADDED ENTRY--PERSONAL NAME
Personal name Savra, Sudershan K., ed.
Holdings
Withdrawn status Lost status Damaged status Not for loan Permanent Location Current Location Date acquired Full call number Barcode Date last seen Price effective from Koha item type
        Indian Institute of Public Administration Indian Institute of Public Administration 1994-06-08 T39 In8i 42487 2018-07-21 2018-07-21 Book

Powered by Koha